000 00297nam a22001337a 4500
003 SGT
082 _a617.0707
_bS09R
100 _aRAI, RADHIKA
245 _a STEM CELLS
260 _aDELHI NCR
_bSGT UNIVERSITY GURUGRAM
_c2009
300 _a1-188
650 _aORAL PATHOLOGY
942 _2ddc
_cTH
999 _c18504
_d18504